| 000 | 00806na a2200265 4500 | ||
|---|---|---|---|
| 001 | 14148 | ||
| 003 | MIRAKIL | ||
| 005 | 20181213154815.0 | ||
| 008 | 160824b tu 000 0 | ||
| 020 | _a9756774010 | ||
| 035 | _a14148 | ||
| 040 |
_aMilas _btur _cTR-AnCHP |
||
| 082 |
_aATA 956.1024 _bT55u 1999 |
||
| 090 | _aATA 956.1024 T55u 1999 | ||
| 100 | _aTimuroğlu, Vecihi | ||
| 245 |
_aUlusal kurtuluş savaşçısı Atatürk _cVecihi Timuroğlu |
||
| 250 | _a3. bs. | ||
| 260 |
_aİstanbul _bToplumsal dönüşüm yayınları _c1999 |
||
| 300 |
_a240 s. _c21 sm. |
||
| 490 |
_aAraştırma ve İnceleme _v21 |
||
| 490 |
_aToplumsal Dönüşüm Yayınları _v107 |
||
| 504 | _aKaynakça ve dizin var. | ||
| 600 |
_aAtatürk, Mustafa Kemal _d1881-1938 _xKurtuluş Savaşı |
||
| 942 |
_2ddc _cBKS |
||
| 999 |
_c1221 _d1221 |
||